Chelonia neotropica : (Registro nro. 16802)
[ vista simple ]
| 000 -CABECERA | |
|---|---|
| Campo de control | 01075cas a2200241 a 4500 |
| 005 - FECHA Y HORA DE LA ULTIMA TRANSACCION | |
| Campo de control | 20180517061453.0 |
| 008 - ELEMENTOS DE LONGITUD FIJA—INFORMACION GENERAL | |
| Campo de control | 950207c19949999bl uu p 0 0por c |
| 040 ## - FUENTE DE CATALOGACIÓN | |
| Agencia catalogadora original | TxU |
| Agencia transcriptora | TxU |
| Agencia Modificadora | DLC |
| -- | OCoLC |
| -- | CO-BoIAVH |
| 041 0# - IDIOMA | |
| Código de idioma para texto/pista de sonido o título separado | Portugués |
| 044 ## - PAÍS DE PUBLICACIÓN | |
| País de publicación | Brasil |
| 090 ## - CLASIFICACIÓN LOCAL | |
| Colección | SE |
| 245 00 - MENCION DE TITULO | |
| Título | Chelonia neotropica : |
| Parte restante del título | boletim informativo do Grupo de Estudos de Quelônios do Brasil, GEQB. |
| 260 ## - PUBLICACION, DISTRIBUCION, ETC. (PIE DE IMPRENTA) | |
| Lugar de publicación, distribución, etc. | Belo Horizonte, MG (Brasil) : |
| Nombre del editor, distribuidor, etc. | Fundação Biodiversitas : |
| -- | Conservation International : |
| -- | Species Survival Commission, |
| Fecha de publicación, distribución, etc. | 1994-. |
| 300 ## - DESCRIPCION FISICA | |
| Otros detalles físicos | ilustraciones ; |
| Dimensiones | 28 cm. |
| 650 24 - ASIENTO SECUNDARIO DE MATERIA - TERMINO TEMATICO | |
| Término temático o nombre geográfico como elemento de entrada | Tortugas |
| Subdivisión geográfica | Brasil |
| Subdivisión de forma | Publicaciones periódicas |
| 9 (RLIN) | 91188 |
| 650 26 - ASIENTO SECUNDARIO DE MATERIA - TERMINO TEMATICO | |
| Término temático o nombre geográfico como elemento de entrada | Conservación de la naturaleza |
| Subdivisión geográfica | Brasil |
| Subdivisión de forma | Publicaciones periódicas |
| 9 (RLIN) | 91189 |
| 710 2# - ASIENTO SECUNDARIO - NOMBRE CORPORATIVO | |
| Nombre corporativo o de jurisdicción como elemento de entrada | Grupo de Estudos de Quelônios do Brasil |
| 9 (RLIN) | 91186 |
| 710 2# - ASIENTO SECUNDARIO - NOMBRE CORPORATIVO | |
| Nombre corporativo o de jurisdicción como elemento de entrada | Fundação Biodiversitas |
| 9 (RLIN) | 91187 |
| 710 2# - ASIENTO SECUNDARIO - NOMBRE CORPORATIVO | |
| Nombre corporativo o de jurisdicción como elemento de entrada | Conservation International |
| 9 (RLIN) | 12638 |
| 710 2# - ASIENTO SECUNDARIO - NOMBRE CORPORATIVO | |
| Nombre corporativo o de jurisdicción como elemento de entrada | International Union for Conservation of Nature and Natural Resources. |
| Unidad subordinada | Species Survival Commission. |
| 9 (RLIN) | 91190 |
| 776 08 - ADDITIONAL PHYSICAL FORM ENTRY | |
| Display text | Online version: |
| Title | Chelonia neotropica |
| Record control number | (OCoLC)663253318 |
| 942 ## - ELEMENTOS ADICIONALES (KOHA) | |
| Sistema de clasificación | Local |
| Tipo de ítem | Periodica o revista |
| Withdrawn status | Lost status | Sistema de Clasificación | Damaged status | No para préstamo | Colección | Fecha publicación (Año) | Volumen revista | Número revista | Inventariado | Ubicación Permanente | Ubicación actual | Fecha de adquisición | Fuente de adquisición | Datos de publicación Seriada | Total Checkouts | Número topográfico | Inventario / Código de Barras | Date last seen | Ejemplar | Price effective from | Forma de adquisición | Tipo de material |
|---|---|---|---|---|---|---|---|---|---|---|---|---|---|---|---|---|---|---|---|---|---|---|
| Local | Hemeroteca | 1994 | 1 | 1 | Inventariado 2017 | Bogotá | Bogotá | 14/03/2001 | Desconocido | Vol 1, Nro 1 (01/01/1994) | SE | 006783 | 25/03/2015 | Ej. 1 | 25/03/2015 | Donación | Periodica o revista |